Terminologie forestière. Sciences forestières,technologie,pratiques et produits forestiers : version française. (Record no. 24418)

MARC details
000 -LEADER
fixed length control field 00676 a2200229 4500
020 ## - NUMERO INTERNATIONAL NORMALISE DES LIVRES
International Standard Book Number 2-85319-018-8
100 ## - VEDETTE PRINCIPALE - NOM DE PERSONNE
Personal name METRO,A.
130 ## - VEDETTE PRINCIPALE - TITRE UNIFORME
Language of a work Fr.
260 ## - PUBLICATION, DISTRIBUTION, ETC. (IMPRINT)
Place of publication, distribution, etc Paris
260 ## - PUBLICATION, DISTRIBUTION, ETC. (IMPRINT)
Name of publisher, distributor, etc Association Française des Eaux et Forêts. Conseil International de la Langue Française.
245 ## - TITLE STATEMENT
Title Terminologie forestière. Sciences forestières,technologie,pratiques et produits forestiers : version française.
260 ## - PUBLICATION, DISTRIBUTION, ETC. (IMPRINT)
Date of publication, distribution, etc 1975
300 ## - PHYSICAL DESCRIPTION
Extent XIX-432p.
440 ## - SERIES STATEMENT/ADDED ENTRY--TITLE
Number of part/section of a work 2
440 ## - SERIES STATEMENT/ADDED ENTRY--TITLE
Title Terminologie Forestière Multilingue.
650 ## - SUBJECT ADDED ENTRY--TOPICAL TERM
Topical term or geographic name as entry element SCIENCE FORESTIERE
650 ## - SUBJECT ADDED ENTRY--TOPICAL TERM
Topical term or geographic name as entry element OUVRAGE DE REFERENCE
690 ## - LOCAL SUBJECT ADDED ENTRY--TOPICAL TERM (OCLC, RLIN)
Topical term or geographic name as entry element FORESTERIE.
710 ## - ADDED ENTRY--CORPORATE NAME
Corporate name or jurisdiction name as entry element FAO/IUFRO.
Holdings
Withdrawn status Lost status Damaged status Not for loan Location (home branch) Sublocation or collection (holding branch) Date acquired Koha issues (times borrowed) Koha full call number Koha date last seen Copy number Price effective from Koha item type Public note
        Bibliothèque-Centre de Documentation de la Faculté des Sciences Agronomiques Bibliothèque-Centre de Documentation de la Faculté des Sciences Agronomiques     U.0022 28/02/2009 1 28/02/2009 Livre


© 2008, Bibliothèques de l'Université d'Abomey-Calavi

04 BP 789 Cotonou, Tél. : +229 21 36 01 01, Fax : +229 21 35 06 32

Courriel : bu@bu.uac.bj